Sports Quiz

Random Sports or Football Quiz
Score 0/50 Timer 08:00
32 Plays Today
% Correct
Aston Villa
72.5%
Sunderland A.F.C.
52.8%
Derby County
46.8%
Queens Park Rangers
46%
Queens Park Rangers
46%
West Ham United
38.9%
West Bromwich Albion
38.2%
Cardiff City
36.4%
Wolverhampton Wanderers
35.2%
Portsmouth
32.9%
Parma
32.5%
Real Betis
26.2%
RC Lens
25.4%
Verona
25.2%
Levante
24.7%
Levante
24.4%
Auxerre
23.3%
Hannover 96
23%
FC Metz
22.5%
Bari
21.1%
Hertha Berlin
19.6%
Sporting Club de Bastia
19.5%
AC Ajaccio
19.5%
Real Zaragoza
19.1%
Troyes
19%
% Correct
1. FC Kaiserslautern
18.8%
Lecce
16.2%
Pescara
15.2%
SC Paderborn 07
14.3%
St Pauli
14.1%
Granada
14.1%
Racing Santander
13.4%
SV Darmstadt 98
13.4%
Delfino Pescara 1936
13.1%
Stade Brestois
12.6%
Livorno
12.1%
Livorno
12.1%
Livorno
12.1%
Le Havre
11.7%
Almería
11.4%
Grenoble
10.5%
Córdoba
9.4%
Eintracht Braunschweig
9.4%
Arles-Avignon
9.3%
Cesena
8.9%
MSV Duisburg
7.7%
Arminia Bielefeld
7.2%
Xerez
7.2%
SpVgg Greuther Fürth
6.5%
Recreativo
5%
Remove Ads.
Support Sporcle.
Get the best of Sporcle when you Go Orange. This ad-free experience offers more features, more stats, and more fun while also helping to support Sporcle. Thank you for becoming a member.

You're not logged in!

Compare scores with friends on all Sporcle quizzes.
OR
Log In

Show Comments

Extras

Top Quizzes Today


Score Distribution

Your Account Isn't Verified!

In order to create a playlist on Sporcle, you need to verify the email address you used during registration. Go to your Sporcle Settings to finish the process.

Report this User

Report this user for behavior that violates our Community Guidelines.

Details: